[Event "European Blitz 2014"]
[Site "Wroclaw POL"]
[Date "2014.12.19"]
[Round "3.2"]
[White "Savchenko, Boris"]
[Black "Warakomski, Tomasz"]
[Result "1-0"]
[WhiteTitle "GM"]
[BlackTitle "IM"]
[WhiteElo "2599"]
[BlackElo "2456"]
[WhiteFideId "4147332"]
[BlackFideId "1124552"]
[EventDate "2014.12.19"]

1. e4 g6 2. d4 Bg7 3. Nc3 d6 4. f4 Nf6 5. Nf3 O-O 6. Bd3 Na6 7. O-O c5 8. d5 Rb8
9. h3 b5 10. Nxb5 c4 11. Bxc4 Rxb5 12. Bxb5 Qb6+ 13. Nd4 Nd7 14. Be3 Bxd4 15.
Qxd4 Qxb5 16. c4 Qb4 17. a3 Qb3 18. Rfc1 Nac5 19. Rc3 Qxb2 20. Re1 e5 21. dxe6
Nxe6 22. Qd2 Qxd2 23. Bxd2 Ndc5 24. f5 Nd8 25. Bf4 Ndb7 26. g4 Re8 27. Rce3 f6
28. Kf2 g5 29. Bh2 Bd7 30. Bg3 Bc6 31. Kg1 Rxe4 32. Rxe4 Nxe4 33. Bf2 Nbc5 34.
Be3 Kf7 35. Rb1 Bb7 36. Rb2 Ke7 37. Rh2 h6 38. h4 Ba6 39. hxg5 hxg5 40. Rh7+ Ke8
41. Rxa7 Bxc4 42. a4 d5 43. a5 Kd8 44. Bxc5 Nxc5 45. Rf7 Nd7 46. Kg2 d4 47. Rh7
Kc7 48. Kf3 Bd5+ 49. Ke2 Bc4+ 50. Kf3 Kd6 51. Ke4 d3 52. Ke3 Ne5 53. Kd2 Nc6 54.
Rb7 Nxa5 55. Rb6+ Nc6 56. Ke3 Kc5 57. Rb1 Ne5 58. Rg1 Ba6 59. Rc1+ Kd5 60. Rg1
Bb5 61. Rb1 Nc4+ 62. Kf2 Na3 63. Ra1 d2 64. Rd1 Nc4 65. Kf3 Kd4 66. Rb1 Kc3 67.
Kf2 Nb2 1-0

[Event "European Blitz 2014"]
[Site "Wroclaw POL"]
[Date "2014.12.19"]
[Round "3.2"]
[White "Navara, David"]
[Black "Krzyzanowski, Marcin"]
[Result "1/2-1/2"]
[WhiteTitle "GM"]
[BlackTitle "IM"]
[WhiteElo "2727"]
[BlackElo "2400"]
[WhiteFideId "309095"]
[BlackFideId "1132199"]
[EventDate "2014.12.19"]

1. d4 Nf6 2. c4 d6 3. Nc3 Bf5 4. Nf3 g6 5. d5 Bg7 6. Nd4 Bd7 7. e4 O-O 8. Be2 c5
9. Nc2 e5 10. g4 Ne8 11. h4 f5 12. Bg5 Bf6 13. gxf5 gxf5 14. Rg1 Kh8 15. exf5
Bxf5 16. Ne3 Bxg5 17. hxg5 Bg6 18. Bd3 Ng7 19. Bxg6 hxg6 20. Ne4 Nd7 21. Nxd6
Qa5+ 22. Ke2 Qa6 23. Ne4 Rf4 24. Qd3 Raf8 25. Rh1+ Kg8 26. Rh6 Kf7 27. Nf6 e4
28. Qc3 Nxf6 29. gxf6 Qxf6 30. Qxf6+ Rxf6 31. Rg1 Ke7 32. Rg2 Nf5 33. Nxf5+ gxf5
34. Rg7+ Kd6 35. Rxf6+ Rxf6 36. Rxb7 Ke5 37. Rxa7 Kd4 38. b3 f4 39. f3 Rh6 40.
fxe4 Kxe4 41. Re7+ Kf5 42. a4 Rh2+ 43. Kf1 Rb2 44. d6 Rxb3 45. d7 Rd3 46. a5 Kf6
47. Rh7 Kg6 48. Ke2 Rd6 49. Rh3 Rxd7 50. Ra3 Kf5 51. a6 Ra7 52. Kf3 Ke5 53. Ra4
Kd4 54. Kxf4 Rf7+ 55. Kg5 Ra7 56. Kf6 Kc3 57. Ke6 Kb3 58. Ra1 Kxc4 59. Kd6 Kb5
60. Rb1+ Kc4 61. Rb6 Kd4 62. Kc6 c4 63. Kb5 Rc7 64. Rb7 Rc8 65. a7 c3 66. Rb8
Rc5+ 67. Kb6 c2 68. Rd8+ Kc4 69. a8=Q 1/2-1/2

[Event "European Blitz 2014"]
[Site "Wroclaw POL"]
[Date "2014.12.19"]
[Round "3.2"]
[White "Bodnaruk, Anastasia"]
[Black "Vitiugov, Nikita"]
[Result "0-1"]
[WhiteTitle "IM"]
[BlackTitle "GM"]
[WhiteElo "2416"]
[BlackElo "2738"]
[WhiteFideId "4181751"]
[BlackFideId "4152956"]
[EventDate "2014.12.19"]

1. e4 c5 2. Nf3 e6 3. Nc3 a6 4. g3 b5 5. d4 cxd4 6. Nxd4 Bb7 7. Bg2 Nc6 8. O-O
Bc5 9. Nb3 Be7 10. e5 Qc7 11. Re1 f5 12. f4 h5 13. Be3 h4 14. Bc5 hxg3 15. hxg3
Nh6 16. Bf3 Ng4 17. Ne4 Ngxe5 18. fxe5 fxe4 19. Rxe4 O-O-O 20. Bd6 Bxd6 21. Qxd6
Nxe5 22. Qxc7+ Kxc7 23. Rxe5 Bxf3 24. Kf2 Bd5 25. Nd4 Rh2+ 26. Ke3 Rf8 27. b3
Rf7 28. c4 bxc4 29. bxc4 Kd6 30. Rg5 Bxc4 31. Rc1 Bd5 32. Rg6 Rxa2 33. g4 Ra3+
34. Ke2 Ke5 35. Nc2 Ra2 36. Kd2 Be4 37. Rg5+ 0-1

[Event "European Blitz 2014"]
[Site "Wroclaw POL"]
[Date "2014.12.19"]
[Round "3.2"]
[White "Shimanov, Aleksandr"]
[Black "Bernotas, Arturs"]
[Result "1-0"]
[WhiteTitle "GM"]
[WhiteElo "2591"]
[BlackElo "2272"]
[WhiteFideId "4198603"]
[BlackFideId "11601426"]
[EventDate "2014.12.19"]

1. d4 Nf6 2. Bg5 Ne4 3. Bf4 c5 4. f3 Nf6 5. dxc5 e5 6. Bxe5 Bxc5 7. Bd4 Qb6 8.
Bxc5 Qxc5 9. Qd2 Nc6 10. Nc3 O-O 11. e4 d5 12. exd5 Nb4 13. a3 Re8+ 14. Nge2
Nbxd5 15. O-O-O Ne3 16. Re1 Bf5 17. Nd4 Nxf1 18. Rxe8+ Rxe8 19. Rxf1 Rd8 20. Rd1
Bg6 21. Qf4 h6 22. g4 a6 23. h4 b5 24. h5 Bh7 25. Rd2 Qe7 26. Nde2 Re8 27. Qd6
Qe3 28. Qf4 Qf2 29. b4 Qe1+ 30. Kb2 Rc8 31. Rd1 Qf2 32. Rd2 Kh8 33. Nd4 Qe1 34.
Nf5 Bxf5 35. gxf5 Nxh5 36. Qd4 Nf6 37. Ne4 Nxe4 38. fxe4 Re8 39. f6 Qxe4 40.
fxg7+ Kg8 41. Qd6 Re6 42. Qf8+ 1-0

[Event "European Blitz 2014"]
[Site "Wroclaw POL"]
[Date "2014.12.19"]
[Round "3.2"]
[White "Konopka, Michal"]
[Black "Edouard, Romain"]
[Result "1-0"]
[WhiteTitle "IM"]
[BlackTitle "GM"]
[WhiteElo "2418"]
[BlackElo "2659"]
[WhiteFideId "308633"]
[BlackFideId "633429"]
[EventDate "2014.12.19"]

1. Nf3 b6 2. g3 Bb7 3. Bg2 g6 4. d4 Bg7 5. O-O Nf6 6. c4 O-O 7. Nc3 Ne4 8. Nxe4
Bxe4 9. Bf4 c5 10. dxc5 bxc5 11. Qd2 Nc6 12. Bh6 Rb8 13. Bxg7 Kxg7 14. b3 d6 15.
Qc3+ Kg8 16. Qe3 Bxf3 17. Bxf3 Nd4 18. Qd3 Qa5 19. Bg2 Qc3 20. Qxc3 Nxe2+ 21.
Kh1 Nxc3 22. Rfc1 Ne2 23. Re1 Nd4 24. Rxe7 a5 25. Ra7 Rbe8 26. Rxa5 Re2 27. Kg1
Rfe8 28. Bd5 R8e7 29. Ra8+ Kg7 30. Rb8 Rb2 31. Rb7 Rxb7 32. Bxb7 Nc2 33. Rd1 Nd4
34. Ra1 Ne2+ 35. Kg2 Nc3 36. a4 Rxb3 37. Bf3 Rb6 38. a5 Ra6 39. Bb7 Ra7 40. a6
Kf6 41. Re1 Na4 42. Re8 Nb6 43. Rd8 Ke7 44. Rh8 h5 45. Rh7 Nxc4 46. Bd5 Ne5 47.
f4 Rxa6 48. fxe5 dxe5 49. Rxf7+ Ke8 50. Rc7 g5 51. Bf7+ Kd8 52. Rxc5 Ke7 53.
Bxh5 Kd6 54. Rc2 e4 55. Re2 Kd5 56. Kh3 Kd4 57. Kg4 Kd3 58. Kxg5 Ra5+ 59. Kf4
Rxh5 60. Re3+ Kd4 61. Rxe4+ Kd5 62. h4 Rh8 63. Re1 Rf8+ 64. Kg4 Rg8+ 65. Kh3 Rh8
66. g4 Ra8 67. g5 Kd6 68. Kg4 Ra4+ 69. Kh5 Ra8 70. g6 Kd5 1-0

[Event "European Blitz 2014"]
[Site "Wroclaw POL"]
[Date "2014.12.19"]
[Round "3.2"]
[White "Matlakov, Maxim"]
[Black "Butkiewicz, Lukasz"]
[Result "1-0"]
[WhiteTitle "GM"]
[BlackTitle "IM"]
[WhiteElo "2695"]
[BlackElo "2422"]
[WhiteFideId "4168003"]
[BlackFideId "1122428"]
[EventDate "2014.12.19"]

1. Nf3 f5 2. g3 Nf6 3. Bg2 g6 4. b4 Bg7 5. Bb2 O-O 6. d4 d6 7. O-O c6 8. c4 Qe8
9. Nc3 Nbd7 10. b5 c5 11. e3 Nb6 12. Nd2 e5 13. a4 cxd4 14. exd4 exd4 15. Ne2
Be6 16. Nxd4 Bxc4 17. Re1 Qf7 18. a5 Nbd7 19. Nxc4 Qxc4 20. Ne6 Rfe8 21. Nxg7
Rxe1+ 22. Qxe1 Kxg7 23. Qe7+ Qf7 24. Qxd6 Re8 25. Bxb7 Re6 26. Qc7 Qe7 27. Bc6
Kh6 28. b6 axb6 29. a6 Qc5 30. Rc1 Qa5 31. a7 Re1+ 1-0

[Event "European Blitz 2014"]
[Site "Wroclaw POL"]
[Date "2014.12.19"]
[Round "3.2"]
[White "Bartel, Marta"]
[Black "Kovalenko, Igor"]
[Result "0-1"]
[WhiteTitle "WGM"]
[BlackTitle "GM"]
[WhiteElo "2366"]
[BlackElo "2653"]
[WhiteFideId "1123009"]
[BlackFideId "14117908"]
[EventDate "2014.12.19"]

1. d4 Nf6 2. Nf3 g6 3. c4 Bg7 4. Nc3 O-O 5. Bg5 d6 6. e3 c5 7. d5 a6 8. Be2 Bg4
9. O-O Bxf3 10. Bxf3 Nbd7 11. Be2 h6 12. Bh4 Re8 13. e4 Rb8 14. a4 Qb6 15. Qc2
e6 16. Rae1 exd5 17. exd5 Re7 18. Bd3 Rbe8 19. Rxe7 Rxe7 20. f3 Re8 21. Bg3 Ne5
22. Ne4 Nxe4 23. Bxe4 f5 24. Bd3 Nxd3 25. Qxd3 Bxb2 26. Qd2 Bd4+ 27. Kh1 Kg7 28.
h4 Qb3 29. Bxd6 Qxc4 30. Rb1 Qxd5 31. Bf4 g5 32. Bxg5 hxg5 33. Qxg5+ Kf8 34. h5
Re7 35. Rb6 Re1+ 36. Kh2 Re6 37. Rxb7 Qxb7 0-1

[Event "European Blitz 2014"]
[Site "Wroclaw POL"]
[Date "2014.12.19"]
[Round "3.2"]
[White "Bortnyk, Olexandr"]
[Black "Sieciechowicz, Marcin"]
[Result "1-0"]
[WhiteTitle "IM"]
[BlackTitle "IM"]
[WhiteElo "2533"]
[BlackElo "2447"]
[WhiteFideId "14120828"]
[BlackFideId "1130170"]
[EventDate "2014.12.19"]

1. e4 c5 2. c3 d5 3. exd5 Qxd5 4. d4 Nf6 5. Nf3 Nc6 6. Be3 cxd4 7. cxd4 e6 8.
Nc3 Qd6 9. Bd3 Be7 10. a3 O-O 11. O-O b6 12. Qe2 Bb7 13. Rad1 Rac8 14. Bb1 Na5
15. Ne5 g6 16. Rfe1 a6 17. Bh6 Rfe8 18. Ba2 Bf8 19. Bf4 Qd8 20. Bg5 h6 21. Bh4
g5 22. Bg3 Bxa3 23. h4 Bb4 24. hxg5 hxg5 25. Qe3 Nh5 26. Nxf7 Kxf7 27. Bxe6+ Kg6
28. d5 Nxg3 29. Qxg3 Rc4 30. Re5 Qf6 31. Qd3+ Kg7 32. Rf5 Qg6 33. Rf7+ Kh6 34.
Qg3 Rxe6 35. dxe6 Qxe6 36. Rfd7 Rg4 37. Qh3+ Kg6 38. Qh7+ Kf6 39. Qg7+ Kf5 40.
Rf7+ 1-0

[Event "European Blitz 2014"]
[Site "Wroclaw POL"]
[Date "2014.12.19"]
[Round "3.2"]
[White "Inarkiev, Ernesto"]
[Black "Fargere, Francois"]
[Result "1-0"]
[WhiteTitle "GM"]
[BlackTitle "GM"]
[WhiteElo "2680"]
[BlackElo "2418"]
[WhiteFideId "4162722"]
[BlackFideId "615935"]
[EventDate "2014.12.19"]

1. d4 d5 2. c4 c6 3. Nf3 Nf6 4. e3 Bg4 5. h3 Bh5 6. g4 Bg6 7. Ne5 e6 8. Nd2 Nbd7
9. Nxg6 hxg6 10. Bg2 g5 11. O-O Bd6 12. Re1 O-O 13. e4 dxe4 14. Nxe4 Nxe4 15.
Rxe4 Qf6 16. h4 gxh4 17. g5 Qg6 18. Rxh4 f5 19. f4 Kf7 20. Bf3 Nf6 21. Qb3 b6
22. Bxc6 Rh8 23. Qh3 Rxh4 24. Qxh4 Rc8 25. Bg2 Ne4 26. b3 a6 27. Be3 b5 28. c5
Bc7 29. Bf3 Ke7 30. Kg2 Qf7 31. Rh1 Rd8 32. Qe1 a5 33. Qe2 b4 34. Qa6 Qe8 35.
Rh7 Kf7 36. Bh5+ 1-0

[Event "European Blitz 2014"]
[Site "Wroclaw POL"]
[Date "2014.12.19"]
[Round "3.2"]
[White "Gergacz, Attila"]
[Black "Anton Guijarro, David"]
[Result "0-1"]
[WhiteTitle "IM"]
[BlackTitle "GM"]
[WhiteElo "2352"]
[BlackElo "2608"]
[WhiteFideId "730157"]
[BlackFideId "2285525"]
[EventDate "2014.12.19"]

1. e4 g6 2. d4 Bg7 3. c3 d6 4. Bd3 e5 5. Be3 Nc6 6. d5 Nce7 7. g4 h5 8. g5 f5 9.
gxf6 Nxf6 10. f3 h4 11. c4 Nh5 12. Ne2 Bh3 13. Rg1 Qd7 14. Qb3 O-O 15. Nd2 c5
16. O-O-O a6 17. Bg5 Kh7 18. Bxh4 b5 19. cxb5 axb5 20. Bxb5 Qa7 21. a4 Rfb8 22.
Nc4 Nc8 23. Bg5 Bd7 24. Nc3 Nf4 25. Kc2 Bxb5 26. Nxb5 Qd7 27. Bxf4 exf4 28. Rg4
Na7 29. Ncxd6 Nxb5 30. Nxb5 c4 31. Qb4 Rxa4 32. Qxa4 Rxb5 33. Qxc4 Rxb2+ 34. Kd3
Qa7 35. Rh4+ Bh6 36. Qc3 Qe3+ 37. Kc4 Qe2+ 38. Rd3 Rc2 39. d6 Rxc3+ 40. Kxc3
Qe1+ 41. Kc4 Qxh4 42. d7 Qd8 43. e5 Bg5 44. e6 Be7 45. Kd5 Kg7 46. Rc3 Qb6 47.
Rc8 Qd6+ 48. Kc4 Qxe6+ 49. Kd3 Qxd7+ 0-1

[Event "European Blitz 2014"]
[Site "Wroclaw POL"]
[Date "2014.12.19"]
[Round "4.1"]
[White "Pakleza, Zbigniew"]
[Black "Korobov, Anton"]
[Result "1/2-1/2"]
[WhiteTitle "IM"]
[BlackTitle "GM"]
[WhiteElo "2498"]
[BlackElo "2693"]
[WhiteFideId "1119290"]
[BlackFideId "14105730"]
[EventDate "2014.12.19"]

1. d4 Nf6 2. Nf3 g6 3. Bf4 Bg7 4. e3 O-O 5. c4 d6 6. Be2 Nc6 7. h3 Qe8 8. O-O e5
9. Bh2 Ne4 10. Nbd2 exd4 11. Nxe4 Qxe4 12. Bd3 Qe7 13. exd4 Nxd4 14. Nxd4 Bxd4
15. Bxg6 Bxb2 16. Bxh7+ Kg7 17. Rb1 Be5 18. Bc2 Bxh2+ 19. Kxh2 Rh8 20. Rb3 Kf8
21. Re1 Qh4 22. Re4 Qxf2 23. Rf3 Rxh3+ 24. Rxh3 Bxh3 25. Kxh3 Re8 26. Rxe8+ Kxe8
27. Qd3 c6 28. Qf5 Qe3+ 29. Kh2 Qh6+ 30. Kg3 Qe3+ 31. Kh4 Qh6+ 32. Kg4 Qg7+ 33.
Kh3 Qh6+ 34. Kg4 Qg7+ 35. Kf3 Qc3+ 36. Qd3 Qf6+ 37. Kg3 Qg7+ 38. Kh3 Qh8+ 39.
Kg3 Qg7+ 40. Kh3 Qh8+ 41. Kg3 1/2-1/2

[Event "European Blitz 2014"]
[Site "Wroclaw POL"]
[Date "2014.12.19"]
[Round "4.1"]
[White "Shimanov, Aleksandr"]
[Black "Jussupow, Artur"]
[Result "1-0"]
[WhiteTitle "GM"]
[BlackTitle "GM"]
[WhiteElo "2591"]
[BlackElo "2582"]
[WhiteFideId "4198603"]
[BlackFideId "4618777"]
[EventDate "2014.12.19"]

1. d4 Nf6 2. Nf3 d5 3. c4 e6 4. Nc3 Be7 5. Bg5 h6 6. Bxf6 Bxf6 7. e3 O-O 8. Qb3
c6 9. Rd1 a5 10. Be2 a4 11. Qc2 Qa5 12. O-O Nd7 13. a3 b6 14. e4 Ba6 15. exd5
cxd5 16. cxd5 Bxe2 17. Qxe2 exd5 18. Rfe1 Rfd8 19. Ne5 Bxe5 20. dxe5 Nf8 21. f4
d4 22. Ne4 Ne6 23. g3 Nc5 24. Nd6 d3 25. Qf3 Ra7 26. f5 d2 27. Re3 Nb3 28. f6
Qc5 29. Kg2 Rad7 30. fxg7 Rxd6 31. exd6 Qxd6 32. Rf1 Qd7 33. Qf6 Qd5+ 34. Ref3
Rd7 35. Qxh6 1-0

[Event "European Blitz 2014"]
[Site "Wroclaw POL"]
[Date "2014.12.19"]
[Round "4.1"]
[White "Kovalev, Vladislav"]
[Black "Kovalenko, Igor"]
[Result "0-1"]
[WhiteTitle "GM"]
[BlackTitle "GM"]
[WhiteElo "2539"]
[BlackElo "2653"]
[WhiteFideId "13504398"]
[BlackFideId "14117908"]
[EventDate "2014.12.19"]

1. Nf3 Nf6 2. g3 d5 3. Bg2 c6 4. O-O g6 5. d3 Bg7 6. Nbd2 O-O 7. e4 dxe4 8. Nxe4
Nxe4 9. dxe4 Qxd1 10. Rxd1 Na6 11. c3 Nc5 12. Nd4 e5 13. Nb3 Na4 14. Rb1 Be6 15.
Be3 b6 16. Rd2 Rfd8 17. Rbd1 Bf6 18. Rxd8+ Rxd8 19. Rxd8+ Bxd8 20. Bc1 Kf8 21.
Bf3 Ke8 22. Bd1 Kd7 23. Kf1 b5 24. Bc2 Bb6 25. a3 f6 26. Nd2 Nc5 27. b4 Na4 28.
c4 Bd4 29. Bb3 Bc3 30. cxb5 Bxd2 31. bxc6+ Kc7 32. Bxe6 Bxc1 33. Ke2 Bxa3 34. b5
Nc3+ 0-1

[Event "European Blitz 2014"]
[Site "Wroclaw POL"]
[Date "2014.12.19"]
[Round "4.1"]
[White "Bortnyk, Olexandr"]
[Black "Heberla, Bartlomiej"]
[Result "1-0"]
[WhiteTitle "IM"]
[BlackTitle "GM"]
[WhiteElo "2533"]
[BlackElo "2561"]
[WhiteFideId "14120828"]
[BlackFideId "1115120"]
[EventDate "2014.12.19"]

1. e4 c5 2. c3 e6 3. d4 d5 4. exd5 exd5 5. Be3 cxd4 6. Bxd4 Nc6 7. Nf3 Nxd4 8.
Nxd4 Bc5 9. Bb5+ Kf8 10. O-O Nf6 11. Qc1 Qb6 12. Ba4 h5 13. Nd2 Bxd4 14. cxd4
Qxd4 15. Bb3 Qb6 16. Nf3 Bg4 17. Ne5 Re8 18. Qf4 Qe6 19. Rfe1 Qf5 20. Qd4 h4 21.
Bxd5 Nxd5 22. Qxd5 Rh6 23. h3 Bxh3 24. gxh3 Kg8 25. Qd4 Rhe6 26. Nd3 Qxh3 27.
Rxe6 Rxe6 28. Qd8+ Kh7 29. Nf4 Qg4+ 30. Ng2 h3 31. Qh4+ Qxh4 32. Nxh4 Re2 33.
Rb1 g5 34. Nf3 g4 35. Nd4 Rd2 36. Nb3 Rc2 37. Nd4 Rd2 38. Nb3 Rc2 39. Rc1 Rxb2
40. Rc7 Kg6 41. Rxb7 Rxa2 42. Nc5 f5 43. Nd3 Ra4 44. Kh2 Rd4 45. Ne5+ Kf6 46.
Nd7+ Kg5 47. Nc5 Rd2 48. Kg1 h2+ 49. Kxh2 Rxf2+ 50. Kg3 Rf3+ 51. Kg2 Ra3 52.
Ne6+ Kf6 53. Nf4 Kg5 54. Ne6+ Kf6 55. Nf4 a5 56. Rb6+ Ke5 57. Ng6+ Kd5 58. Ne7+
Ke5 59. Rb5+ Kd6 60. Nxf5+ Kc6 61. Nd4+ Kc7 62. Rg5 g3 63. Nb5+ 1-0

[Event "European Blitz 2014"]
[Site "Wroclaw POL"]
[Date "2014.12.19"]
[Round "4.1"]
[White "Tomczak, Jacek"]
[Black "Anton Guijarro, David"]
[Result "0-1"]
[WhiteTitle "GM"]
[BlackTitle "GM"]
[WhiteElo "2561"]
[BlackElo "2608"]
[WhiteFideId "1124668"]
[BlackFideId "2285525"]
[EventDate "2014.12.19"]

1. e4 g6 2. d4 Bg7 3. Nc3 c6 4. f4 d5 5. e5 Nh6 6. Nf3 O-O 7. Be3 f6 8. Qd2 Bg4
9. Be2 Nd7 10. h3 Bxf3 11. Bxf3 fxe5 12. fxe5 Nf5 13. O-O-O Nb6 14. Bf2 Bh6 15.
e6 0-1

[Event "European Blitz 2014"]
[Site "Wroclaw POL"]
[Date "2014.12.19"]
[Round "4.1"]
[White "Duda, Jan-Krzysztof"]
[Black "Vallejo Pons, Francisco"]
[Result "1-0"]
[WhiteTitle "GM"]
[BlackTitle "GM"]
[WhiteElo "2603"]
[BlackElo "2705"]
[WhiteFideId "1170546"]
[BlackFideId "2205530"]
[EventDate "2014.12.19"]

1. e4 e5 2. Nf3 Nc6 3. Bb5 Nf6 4. d3 Bc5 5. c3 O-O 6. O-O d6 7. h3 Ne7 8. d4 Bb6
9. Bd3 d5 10. Nbd2 dxe4 11. Nxe4 Nxe4 12. Bxe4 exd4 13. cxd4 Bf5 14. Bxb7 Rb8
15. Ba6 Be4 16. Re1 Bxf3 17. Qxf3 Bxd4 18. Bc4 Ng6 19. Bb3 Ne5 20. Qg3 Nd3 21.
Re2 Nxc1 22. Rxc1 c5 23. Qf4 Rb6 24. Qe4 Rf6 25. g3 g6 26. Kg2 Kg7 27. f4 a5 28.
Bc4 a4 29. b3 axb3 30. Bxb3 Qc7 31. Qxd4 Rd8 32. Qe4 Qa5 33. Qe5 Qb4 34. Rc4
Qb7+ 35. Kh2 Rd5 36. Qc3 Rd6 37. Rxc5 Qa6 38. Re7 Kh6 39. g4 Qf1 40. g5+ Kh5 41.
gxf6+ 1-0

[Event "European Blitz 2014"]
[Site "Wroclaw POL"]
[Date "2014.12.19"]
[Round "4.1"]
[White "Grigoriants, Sergey"]
[Black "Popov, Valerij"]
[Result "1-0"]
[WhiteTitle "GM"]
[BlackTitle "GM"]
[WhiteElo "2570"]
[BlackElo "2555"]
[WhiteFideId "4130804"]
[BlackFideId "4119410"]
[EventDate "2014.12.19"]

1. c4 e6 2. Nc3 d5 3. d4 c6 4. e3 Nd7 5. Nf3 f5 6. Be2 Bd6 7. Qc2 Nh6 8. Bd2 O-O
9. O-O-O a6 10. Kb1 Qe7 11. h3 Kh8 12. g4 dxc4 13. g5 Nf7 14. Bxc4 b5 15. Bd3 c5
16. e4 c4 17. Be2 Bb7 18. d5 fxe4 19. Nd4 exd5 20. Nf5 Qe8 21. Be3 Be5 22. Nxd5
Qe6 23. Bg4 Bxd5 24. g6 hxg6 25. Nh4 Qc6 26. Rxd5 Qxd5 27. Nxg6+ Kh7 28. Rd1 Qd3
29. Nxf8+ Nxf8 30. Rxd3 exd3 31. Qd1 Re8 32. Qf3 Nh6 33. Bxh6 Kxh6 34. Qc6+ 1-0

[Event "European Blitz 2014"]
[Site "Wroclaw POL"]
[Date "2014.12.19"]
[Round "4.1"]
[White "Kosyrev, Vladimir"]
[Black "Volokitin, Andrei"]
[Result "1/2-1/2"]
[WhiteTitle "GM"]
[BlackTitle "GM"]
[WhiteElo "2520"]
[BlackElo "2626"]
[WhiteFideId "4122259"]
[BlackFideId "14107090"]
[EventDate "2014.12.19"]

1. d4 Nf6 2. Nf3 g6 3. Nbd2 d5 4. g3 Bg7 5. Bg2 O-O 6. O-O c6 7. c4 Ne4 8. e3
Bf5 9. Nh4 Nxd2 10. Bxd2 Bd3 11. Qb3 Bxf1 12. Rxf1 Qb6 13. cxd5 Qxb3 14. axb3
cxd5 15. Bxd5 Nc6 16. Nf3 e6 17. Be4 Rfc8 18. Kg2 Rc7 19. b4 a6 20. Bd3 Na7 21.
Ra1 Rac8 22. h4 Bf8 23. Kf1 h5 24. Ke2 Nc6 25. b5 axb5 26. Bxb5 Bb4 27. Bxc6
Bxd2 28. Be4 Bc1 29. Ra2 b5 30. Ne5 b4 31. b3 Ba3 32. Nc4 Rxc4 33. bxc4 Rxc4 34.
Rc2 1/2-1/2

[Event "European Blitz 2014"]
[Site "Wroclaw POL"]
[Date "2014.12.19"]
[Round "4.1"]
[White "Stocek, Jiri"]
[Black "Bologan, Viktor"]
[Result "0-1"]
[WhiteTitle "GM"]
[BlackTitle "GM"]
[WhiteElo "2554"]
[BlackElo "2643"]
[WhiteFideId "304760"]
[BlackFideId "13900048"]
[EventDate "2014.12.19"]

1. e4 g6 2. d4 Bg7 3. Nf3 d6 4. Bd3 Nf6 5. O-O O-O 6. Re1 Nbd7 7. e5 dxe5 8.
dxe5 Nd5 9. Bxg6 Nc5 10. Bh5 Bf5 11. Nd4 Bg6 12. Nd2 Bxh5 13. Qxh5 Nf4 14. Qf5
Qxd4 15. Nf3 Qc4 16. Bxf4 Ne6 17. Bd2 Rad8 18. Bc3 Qc6 19. Re4 h6 20. Rae1 Rd5
21. Rg4 Rfd8 22. Qh5 Rd1 23. Qxh6 Rxe1+ 24. Nxe1 Qd5 25. h3 Qd1 26. Qe3 Kf8 27.
Kh2 b6 28. Qe4 Qc1 29. Qh7 Rd1 30. Nf3 Qh6 31. Qxh6 Bxh6 32. Rc4 c5 33. Ra4 a5
34. Rh4 Bc1 35. Rg4 Bf4+ 0-1

[Event "European Blitz 2014"]
[Site "Wroclaw POL"]
[Date "2014.12.19"]
[Round "4.1"]
[White "Piorun, Kacper"]
[Black "Neiksans, Arturs"]
[Result "0-1"]
[WhiteTitle "GM"]
[BlackTitle "GM"]
[WhiteElo "2517"]
[BlackElo "2559"]
[WhiteFideId "1130420"]
[BlackFideId "11601388"]
[EventDate "2014.12.19"]

1. Nf3 Nf6 2. c4 e6 3. g3 b6 4. Bg2 Bb7 5. O-O Be7 6. Nc3 O-O 7. Re1 c5 8. e4 d6
9. d4 cxd4 10. Nxd4 Qc8 11. b3 a6 12. Bb2 Nbd7 13. h3 Re8 14. g4 g6 15. Rc1 Bf8
16. Qd2 Qc7 17. f4 e5 18. Nd5 Qd8 19. Nxf6+ Qxf6 20. Ne2 Nc5 21. g5 Qe7 22. Ng3
exf4 23. Qd4 Qe5 24. Qd2 Qxg5 25. Ne2 Bxe4 26. Nxf4 Bxg2 27. Nd5 Qxd2 28. Nf6+
Kh8 29. Rxe8 Rxe8 0-1

[Event "European Blitz 2014"]
[Site "Wroclaw POL"]
[Date "2014.12.19"]
[Round "4.1"]
[White "Moranda, Wojciech"]
[Black "Nagy, Gabor1"]
[Result "1-0"]
[WhiteTitle "GM"]
[BlackTitle "IM"]
[WhiteElo "2591"]
[BlackElo "2422"]
[WhiteFideId "1122401"]
[BlackFideId "737119"]
[EventDate "2014.12.19"]

1. d4 Nf6 2. c4 c5 3. d5 e6 4. Nc3 exd5 5. cxd5 d6 6. e4 a6 7. f4 Be7 8. Nf3 O-O
9. a4 Re8 10. Bd3 Bf8 11. O-O Bg4 12. h3 Bxf3 13. Qxf3 Nbd7 14. g4 g6 15. Kg2
Rc8 16. Be3 Qa5 17. Rf2 Bg7 18. Raf1 Re7 19. Bd2 Qb6 20. Bc1 Rce8 21. Re2 Qb4
22. Rfe1 b5 23. axb5 c4 24. Bc2 axb5 25. Qg3 h6 26. e5 Nh7 27. e6 fxe6 28. dxe6
Ndf6 29. Bxg6 d5 30. g5 hxg5 31. fxg5 d4 32. gxf6 Nxf6 33. Bxe8 dxc3 34. Bf7+
Kf8 35. bxc3 Qc5 36. Bf4 Qd5+ 37. Qf3 1-0

[Event "European Blitz 2014"]
[Site "Wroclaw POL"]
[Date "2014.12.19"]
[Round "4.2"]
[White "Korobov, Anton"]
[Black "Pakleza, Zbigniew"]
[Result "1-0"]
[WhiteTitle "GM"]
[BlackTitle "IM"]
[WhiteElo "2693"]
[BlackElo "2498"]
[WhiteFideId "14105730"]
[BlackFideId "1119290"]
[EventDate "2014.12.19"]

1. d4 d5 2. c4 c6 3. Nc3 Nf6 4. e3 Qb6 5. Nf3 Bf5 6. Be2 e6 7. Nh4 Be4 8. O-O
Be7 9. g3 h6 10. Nxe4 Nxe4 11. Ng2 Nd7 12. Qc2 O-O 13. b3 Qa5 14. f3 Nef6 15. c5
e5 16. b4 Qc7 17. a4 Rfe8 18. Bd2 Nf8 19. Bc3 exd4 20. exd4 Ne6 21. Bd3 Nd7 22.
Rfe1 Bf6 23. Qb2 a5 24. b5 cxb5 25. Bxb5 Nexc5 26. Nf4 Rxe1+ 27. Rxe1 Qd6 28.
Qa3 Ne4 29. Qxd6 Nxd6 30. Bxd7 Rd8 31. Bb5 Rc8 32. Nxd5 Rxc3 33. Nxc3 Bxd4+ 34.
Kg2 Bxc3 35. Bd3 Kf8 36. Rc1 Bb4 37. Rc7 b6 38. Be4 Bc5 39. Bd5 g6 40. f4 h5 41.
Kf3 Kg7 42. h3 Kf6 43. g4 hxg4+ 44. hxg4 Kg7 45. g5 Kf8 46. Be4 Kg7 47. Bd3 Kf8
48. Kg4 Bb4 49. f5 gxf5+ 50. Bxf5 Ke8 51. Bc2 Kd8 52. Ra7 Ke8 53. Bb3 Bc5 54.
Kf4 Bb4 55. Ke5 Kf8 56. Rd7 b5 57. axb5 Nxb5 58. Rxf7+ Ke8 59. g6 Bc3+ 60. Kd5
Nd4 61. Ba4+ Kd8 62. g7 1-0

[Event "European Blitz 2014"]
[Site "Wroclaw POL"]
[Date "2014.12.19"]
[Round "4.2"]
[White "Kovalenko, Igor"]
[Black "Kovalev, Vladislav"]
[Result "1-0"]
[WhiteTitle "GM"]
[BlackTitle "GM"]
[WhiteElo "2653"]
[BlackElo "2539"]
[WhiteFideId "14117908"]
[BlackFideId "13504398"]
[EventDate "2014.12.19"]

1. d4 Nf6 2. c4 e5 3. dxe5 Ng4 4. Bf4 g5 5. Bg3 Bg7 6. Nf3 Nc6 7. h4 Ngxe5 8.
Nxe5 Nxe5 9. Nd2 g4 10. e3 f5 11. Qc2 d6 12. c5 d5 13. h5 Bf6 14. O-O-O Qe7 15.
Nb3 c6 16. Nd4 O-O 17. Kb1 Bh8 18. f4 Nd7 19. Nxf5 Qxc5 20. Nh6+ Kg7 21. Nxg4
Qxc2+ 22. Kxc2 Nc5 23. Ne5 Bf5+ 24. Kc1 Kg8 25. Be1 Bxe5 26. fxe5 Rfe8 27. Bb4
Ne4 28. g4 Be6 29. Rg1 a5 30. Be1 Rf8 31. Bd3 Ng5 32. Rg2 a4 33. a3 Rf7 34. Bh4
Nf3 35. Bf6 Raf8 36. g5 Nh4 37. Rf2 1-0